[Event "WSCC 50 Open 2017"]
[Site "?"]
[Date "2017.11.12"]
[Round "6"]
[White "Sturua, Zurab"]
[Black "Prasad, Devaki V"]
[Result "1-0"]
[WhiteElo "2536"]
[BlackElo "2290"]
[Annotator "TA"]
[PlyCount "137"]
[EventDate "2017.??.??"]
[EventType "swiss"]
[EventCountry "ITA"]
[SourceTitle "Acqui Terme"]

{[%evp 22,137,59,36,63,66,60,18,31,24,31,21,31,29,37,33,32,36,29,37,45,37,52,49,58,1,11,14,0,0,0,0,0,0,0,0,0,0,0,0,62,50,63,55,64,47,59,72,80,47,58,50,62,37,42,38,64,17,28,0,0,0,20,20,20,14,14,14,14,14,14,38,225,221,271,253,265,252,253,242,396,305,305,305,305,284,250,216,378,364,532,525,525,524,516,511,506,432,432,432,406,251,930,896,1608,1586,2035,2035,1520,1415,1262,1273,2220,6091,5422,2120,29973,29976]} 1. c4 Nf6 2. Nf3 g6 3. g3 Bg7 4. Bg2 O-O 5. O-O d6 6. d4 Nc6 7. Nc3 a6 8. Re1 Rb8 9. Rb1 Bf5 10. e4 {E63: King's Indian: Fianchetto: Panno Variation with 7...a6} Bg4 11. Be3 Nd7 (11... Qc8 12. Rc1 Re8 13. Qd3 Bxf3 14. Bxf3 Ng4 15. Bxg4 Qxg4 16. Kg2 Qd7 17. a3 e6 {½-½ (25) Erdos,V (2614)-Iljiushenok,I (2489) Minsk 2017}) 12. Ne2 {LiveBook: 30 Games. White is slightly better.} b5 13. cxb5 axb5 14. h3 Bxf3 $1 15. Bxf3 Na5 16. b3 c5 17. Bg2 $146 ({Predecessor:} 17. Qd2 b4 18. Rec1 Nc6 19. dxc5 Nxc5 20. Bg2 {½-½ (20) Ilic,Z (2344)-Van Delft,M (2391) Haarlem 2012}) 17... Nc6 18. dxc5 Nxc5 19. Qd2 b4 20. Rbc1 Qa5 21. Red1 Rfd8 22. Rc2 Na7 23. Nd4 (23. Rc4 $1 $14) 23... e5 24. Ne2 Nb5 25. Qe1 Rbc8 26. Rd5 {[%cal Re3c5]} Nc7 27. Rdd2 Nb5 28. Qd1 Bf8 29. Rd5 Be7 30. f4 f6 (30... Qa8 $11) 31. Kh2 Kg7 32. h4 Qa8 33. Qh1 Nc7 34. Rdd2 Nb5 35. Bf3 Rc7 36. Rc4 Na3 37. Rc1 ({Don't blunder} 37. Rxb4 $2 Qa5 $17) 37... Nb5 38. h5 {[%cal Bh4h5,Bh5h6][%mdl 32]} Ra7 39. h6+ Kg8 40. Rcc2 Na3 41. Rc1 Nb5 42. Qd1 Rxa2 43. fxe5 {[#] Threatens to win with Rxa2.} Rxd2 44. Qxd2 Nxb3 45. Qxb4 Nxc1 46. Bxc1 {aiming for Qb3+.} Qa7 $2 ({Black should try} 46... Qb8 $14) 47. exf6 $18 ({Weaker is} 47. Qxb5 dxe5 48. Kg2 Kf8 $14) 47... Qf2+ 48. Bg2 Bxf6 ({Not} 48... Qxe2 $2 49. Qb3+ Kf8 50. fxe7+ Kxe7 51. Bg5+ Kf8 52. Bxd8 $18) 49. Qxb5 Qc5 50. Qb3+ Kf8 $2 (50... Kh8 {was called for.}) 51. Qf3 Qh5+ 52. Qxh5 gxh5 53. Nf4 {Strongly threatening Ne6+.} Rc8 54. Nxh5 Be5 $2 (54... Rxc1 55. Nxf6 Kf7) 55. Bg5 Kf7 (55... Rc2 $142 56. Kh3 Rf2) 56. Kh3 Rc4 57. Kg4 Ra4 58. Nf4 Bf6 59. Nd5 Be5 60. Bf3 Ra3 61. Nf4 Re3 $2 {[#]} (61... Bf6) 62. Ng6 $1 {[%mdl 512]} Rc3 (62... Kxg6 63. Bxe3) 63. Nxe5+ dxe5 64. Be2 Rc2 65. Bb5 Ke6 66. Ba6 Rc3 67. Bb7 Kf7 68. Bd5+ Kg6 69. Be6 {Precision: White = 82%, Black = 54%.} 1-0

[Event "WSCC 50 Open 2017"]
[Site "?"]
[Date "2017.11.12"]
[Round "6"]
[White "Bischoff, Klaus"]
[Black "Reprintsev, Alexander"]
[Result "0-1"]
[WhiteElo "2513"]
[BlackElo "2361"]
[Annotator "TA"]
[PlyCount "92"]
[EventDate "2017.??.??"]
[EventType "swiss"]
[EventCountry "ITA"]
[SourceTitle "Acqui Terme"]

{[%evp 9,92,17,22,25,23,18,21,19,14,20,17,13,25,34,39,12,31,10,36,34,22,30,36,35,34,8,30,29,23,23,54,53,58,43,62,50,78,34,84,70,91,83,99,97,139,88,116,66,103,26,22,24,23,31,33,21,22,25,65,70,58,0,77,4,73,74,68,0,114,81,75,89,145,137,281,0,0,-23,-23,-29,-14,-272,-241,-745,-712]} 1. Nf3 d5 2. c4 dxc4 3. e3 Nc6 4. Bxc4 e5 5. Nc3 Bd6 $1 {LiveBook: 6 Games} 6. a3 {A09: Réti Opening: 1 Nf3 d5 2 c4} (6. d4 exd4 7. exd4 Nf6 8. O-O O-O 9. Bg5 h6 10. Bh4 Bg4 11. h3 Bxf3 12. Qxf3 g5 13. Bg3 Bxg3 14. Qxg3 Qxd4 15. Bb3 Qd6 16. f4 Nh5 17. Qg4 Nxf4 {1-0 (26) Budnikov,O (2374)-Reprintsev,A (2321) Lutsk 2016}) 6... Nf6 7. Qc2 h6 8. Be2 $146 {The position is equal.} ({Predecessor:} 8. Qb3 O-O 9. Nh4 Na5 10. Qa2 Nxc4 11. Qxc4 Be6 12. Qd3 Ng4 13. Nf3 f5 14. e4 Nxf2 15. Kxf2 Bc5+ {0-1 (16) Obrsal,J-Odehnalova,L Klatovy 2005}) 8... O-O 9. d3 Re8 10. O-O b6 11. Rd1 Bb7 12. Ne4 Rc8 13. Bd2 Nd5 14. b4 Nce7 15. Qb2 Ng6 16. Ng3 Qd7 17. Be1 Nf6 18. Nd2 Bf8 19. h3 c5 20. Nde4 Qe6 21. bxc5 Bxc5 22. a4 {[%cal Ba3a4,Ba4a5][%mdl 32]} Nh4 23. a5 Nd7 24. Nxc5 Nxc5 25. e4 Rc6 26. axb6 axb6 {[#]} 27. Ra7 (27. f4 $142 $1 {[%mdl 512]}) 27... Qc8 $16 28. d4 Nxe4 {[#]} 29. Rxb7 (29. Bg4 $1 $16 {[%cal Rg4c8]} Qb8 30. Rxb7 Qxb7 31. Nxe4) 29... Qxb7 $11 30. Nxe4 Rg6 31. d5 {And now Ng3 would win.} Rxg2+ 32. Kh1 Qd7 {[%cal Rd7h3]} 33. Qb3 Qf5 34. Qe3 {[%mdl 1024] White has compensation.} Rg6 35. Bf1 (35. Bb4 $14) 35... Qh5 (35... Nf3 $11 36. Ng3 Qf4) 36. Qe2 ({White should play} 36. Rd3 $16) 36... Nf3 (36... Qf3+ $11 {keeps the balance.} 37. Qxf3 Nxf3) 37. Ng3 $16 {Bg2 is the strong threat.} e4 38. d6 (38. Bb4 $14) 38... Qe5 (38... Qc5 $1 $11 {remains equal.} 39. d7 Rd8 40. Qxe4 Rxg3) 39. d7 Rd8 40. Bb4 f5 ({Better is} 40... Rxg3 41. fxg3 Qxg3) 41. Bg2 Rxg3 {[#]} (41... Nh4 $16) 42. fxg3 $2 ({Don't play} 42. Bd6 $6 Qe6 $16) ({White must play} 42. Qc4+ $1 $18 Kh7 43. fxg3) 42... Qxg3 $40 {[%csl Gf3][%cal Rg3h2][%mdl 128] White needs to defend precisely.} 43. Bxf3 Qxh3+ 44. Kg1 exf3 45. Qa2+ $2 {[%mdl 8192]} (45. Qe8+ $11 Kh7 46. Rd2 Qg4+ 47. Kf2 Qxb4 48. Qxd8 Qxd2+ 49. Kxf3) 45... Kh7 $19 46. Be7 $2 {[#]} (46. Qf2 Qg4+ 47. Kh2 Qxb4 48. Qxf3) 46... Ra8 $3 {[%mdl 512] Precision: White = 49%, Black = 38%.} 0-1

[Event "WSCC 50 Open 2017"]
[Site "?"]
[Date "2017.11.12"]
[Round "6"]
[White "Antonio, Rogelio Jr"]
[Black "Granda Zuniga, Julio E"]
[Result "1/2-1/2"]
[WhiteElo "2431"]
[BlackElo "2650"]
[Annotator "TA"]
[PlyCount "112"]
[EventDate "2017.??.??"]
[EventType "swiss"]
[EventCountry "ITA"]
[SourceTitle "Acqui Terme"]

{[%evp 21,112,10,8,-7,-8,0,0,-23,-30,-29,-37,-29,-25,-31,-27,-25,-30,-31,-29,-24,-14,-14,-13,-13,-12,-14,-17,-8,-16,-70,-23,-12,-15,-34,-20,-15,-12,-12,-12,-33,0,0,0,0,0,0,0,0,0,0,0,0,0,0,0,0,0,0,0,0,0,0,0,0,0,0,0,0,0,0,0,0,0,0,0,0,0,0,0,0,0,0,0,0,0,0,0,0,0,0,0,0,0]} 1. e4 {[%cal Be2e4,Be4e5][%mdl 32]} c5 2. Nf3 e6 3. c3 Nf6 4. e5 Nd5 5. g3 Nc6 6. Bg2 d6 7. exd6 Bxd6 8. O-O O-O 9. d4 b6 {B22: Sicilian: 2 c3} 10. c4 Nde7 {[%cal Bd5e7,Be7f5,Bf5d4][%mdl 32]} 11. Nc3 Bb7 {LiveBook: 7 Games} 12. dxc5 Bxc5 13. Ne4 Nf5 $146 ({Predecessor:} 13... Nd4 14. Nxd4 Bxd4 15. Bg5 f6 16. Qg4 f5 17. Qh4 {½-½ (48) Chadaev,N (2577)-Tilicheev,V (2361) Moscow 2011}) 14. g4 Nfd4 15. Nxc5 bxc5 16. Nxd4 cxd4 17. b3 Qd7 18. f4 Rad8 19. Bb2 Rfe8 20. Qf3 f6 21. Rad1 Na5 22. Qg3 Bxg2 23. Qxg2 Nc6 24. g5 fxg5 25. fxg5 (25. Qxg5 $11 Rf8 26. Qg2) 25... a5 (25... e5 $5 {[%cal Re5e4]} 26. Qe4 Qe6 $15) 26. Qe4 e5 27. Ba3 Qe6 28. Bc5 Nb4 29. Bxb4 axb4 30. Rf5 Rd7 31. h4 {The position is equal.} Rf7 32. Rxf7 Qxf7 $11 {[%mdl 4096] Endgame KQR-KQR} 33. Rf1 Qd7 34. c5 d3 35. c6 Qa7+ 36. Kh1 Qc5 37. Qxd3 {[#] Strongly threatening Qd7.} Qxc6+ 38. Kg1 e4 (38... Kh8 {looks sharper.} 39. Qc4 Qb6+ 40. Kg2 Qa7 41. Qxb4 Qxa2+ 42. Kg3 Qa8) 39. Qc4+ Qxc4 40. bxc4 {KR-KR} e3 41. Rc1 Ra8 42. c5 {[%cal Bc4c5,Bc5c6,Bc6c7][%mdl 32]} Rxa2 {[#] ...b3 is the strong threat.} 43. c6 Ra8 44. Kf1 Kf7 45. c7 Rc8 46. Ke2 Kg6 47. Kxe3 b3 48. Rc4 b2 49. Rb4 Rxc7 {Threatens to win with ...Rc2.} 50. Rxb2 Kh5 51. Rb4 Rf7 52. Ke2 g6 53. Ra4 Rf5 54. Rb4 h6 55. gxh6 Kxh6 56. Ra4 g5 {Precision: White = 81%, Black = 75%.} 1/2-1/2

[Event "WSCC 50 Open 2017"]
[Site "?"]
[Date "2017.11.12"]
[Round "6"]
[White "Bagaturov, Giorgi"]
[Black "Prie, Eric"]
[Result "0-1"]
[WhiteElo "2399"]
[BlackElo "2482"]
[Annotator "TA"]
[PlyCount "142"]
[EventDate "2017.??.??"]
[EventType "swiss"]
[EventCountry "ITA"]
[SourceTitle "Acqui Terme"]

{[%evp 18,142,33,47,69,70,78,75,77,74,86,85,85,75,79,77,87,79,93,87,144,140,149,158,206,196,224,156,166,154,192,195,299,130,83,0,0,0,0,-59,-79,-72,-64,-88,-88,-93,-85,-84,-69,-75,-13,-14,-14,-83,-80,-89,-85,-123,-125,-119,-108,-109,-108,-137,-144,-133,-139,-135,-148,-143,-142,-333,-332,-326,-305,-304,-303,-297,-281,-295,-287,-276,-255,-268,-8,-1596,-4930,-5065,-5081,-5065,-3377,-2783,-3246,-2922,-2495,-2139,-1837,-1783,-1722,-1666,-1452,-1598,-870,-2912,-668,-599,-561,-4133,-2600,-29977,-29978,-29978,-29979,-29980,-29980,-29984,-29985,-29981,-29967,-29983,-29984,-29984,-29985,-29988,-29989,-29998,-29999]} 1. Nf3 Nf6 2. c4 g6 3. Nc3 c5 4. d4 cxd4 5. Nxd4 Nc6 6. Nc2 Bg7 7. e4 O-O 8. Be2 b6 9. O-O Bb7 {B37: Sicilian: Maroczy Bind with 5...Bg7, sidelines} 10. f3 {LiveBook: 13 Games} Re8 11. Be3 Rc8 {White is slightly better.} 12. Qd2 Qc7 13. Rac1 Qb8 14. b3 $146 ({Predecessor:} 14. Rfd1 Nh5 15. Bf1 Be5 16. g3 Bg7 17. Bg2 Nf6 18. b3 {1-0 (60) Blomqvist,E (2291)-Karlsson,L (2469) Stockholm 2007}) 14... d6 15. Rfd1 Nd7 16. Nd5 Nc5 17. Bg5 Ne6 18. Bh4 Nc7 (18... f6 $142) 19. f4 {[%cal Bf3f4,Bf4f5][%mdl 32]} Bh6 20. Rf1 Ba6 21. Nce3 b5 22. Ng4 Bg7 23. f5 Nxd5 24. exd5 ({But not} 24. cxd5 $6 Ne5 $16) 24... Nd4 (24... Ne5 $142) 25. Bd3 ({Less strong is} 25. fxg6 fxg6 26. Bd3 bxc4 $16) (25. Nh6+ $18 {and White stays clearly on top.} Bxh6 26. Qxh6 Nxe2+ 27. Kh1) 25... bxc4 $16 26. bxc4 (26. fxg6 $1 $16 fxg6 27. bxc4) 26... Nxf5 $11 27. Bxf5 (27. Rxf5 {is more complex.} gxf5 28. Nh6+ Bxh6 29. Qxh6 Qb6+ 30. Bf2) 27... gxf5 28. Nh6+ (28. Rb1 $11 Qc7 29. Rxf5) 28... Bxh6 $1 $15 29. Qxh6 Rxc4 30. Rxf5 {Threatening mate with Rg5+.} Rxc1+ 31. Qxc1 Bd3 32. Rf3 Bg6 33. Rb3 Qd8 (33... Qa8 $1 $17 34. Qc6 f6) 34. Rb7 $1 $11 f6 35. Rxa7 (35. Qe3 $11) 35... Qb6+ 36. Bf2 Qb5 37. Qe1 Kf8 38. Ra5 Qd3 {Threatens to win with ...Rb8.} 39. h3 Rb8 40. Kh2 Be4 41. Ra4 Bxd5 42. Rd4 Qf5 {...Rb2 is the strong threat.} 43. Qd2 Be4 $40 {[%mdl 128] White is in trouble.} 44. Rxd6 $2 (44. Bg3 $17 {was worth a try.}) 44... exd6 $19 45. Qxd6+ Kf7 46. Qc7+ Kg6 47. Qxb8 {Hoping for Qg8+.} Qxf2 {[%csl Ge4][%cal Rf2g2]} 48. Qe8+ Kf5 {[%csl Ge4][%cal Rf2g2]} 49. Qc8+ {[#]} Kf4 $1 {[%csl Ge4][%cal Rf2g2]} 50. Qg8 Ke3 $2 (50... Qd4 $19 {aiming for ...Ke3.} 51. a4 Qe5) 51. a4 $2 {[%mdl 8192]} (51. Qb3+ $11 Kf4 52. Qg8) 51... f5 52. Qb3+ Bd3 53. Qb6+ Ke2 54. Qb2+ Kf1 55. Qc1+ Qe1 56. Qf4+ {[#]} Ke2 $1 57. Qe5+ Be4 58. a5 Qb4 59. a6 Qa3 60. Qb5+ Bd3 (60... Ke1 $142 61. Qc4 h5) 61. Qe5+ Kd1 62. Qc7 {Now a7 and White clings on.} Qxa6 63. Qxh7 Qd6+ {Black mates.} 64. Kg1 Qd4+ 65. Kh1 f4 {[%cal Bf5f4,Bf4f3][%mdl 32]} 66. Qb7 Ke1 67. Kh2 Qe3 68. Qg7 Kf2 69. Qb2+ Be2 70. Kh1 f3 71. Qg7 Qc1+ {Precision: White = 44%, Black = 59%.} 0-1

[Event "WSCC 50 Open 2017"]
[Site "?"]
[Date "2017.11.12"]
[Round "6"]
[White "Buchal, Stephan"]
[Black "Bergstrom, Rolf"]
[Result "1/2-1/2"]
[WhiteElo "2347"]
[BlackElo "2270"]
[PlyCount "30"]
[EventDate "2017.??.??"]
[EventType "swiss"]
[EventCountry "ITA"]
[SourceTitle "Acqui Terme"]
[TimeControl "40/5400+30:1800+30"]
[WhiteClock "0:38:43"]
[BlackClock "0:58:05"]

1. c4 {[%emt 0:00:00]} b6 {[%emt 0:00:18]} 2. Nc3 {[%emt 0:00:07]} Bb7 {[%emt 0:00:09]} 3. e4 {[%emt 0:00:41]} e5 {[%emt 0:00:13]} 4. g3 {[%emt 0:01:21]} f5 {[%emt 0:03:37]} 5. Bg2 {[%emt 0:00:55]} Nf6 {[%emt 0:00:11]} 6. d3 {[%emt 0:02:51]} fxe4 {[%emt 0:02:42]} 7. Nge2 {[%emt 0:02:38]} Nc6 {[%emt 0:00:23]} 8. dxe4 {[%emt 0:07:06]} Bc5 {[%emt 0:00:26]} 9. h3 {[%emt 0:11:41]} O-O {[%emt 0:00:31]} 10. O-O {[%emt 0:03:20]} Nd4 {[%emt 0:01:42]} 11. Be3 {[%emt 0:09:18]} Nxe2+ {[%emt 0:00:53]} 12. Qxe2 {[%emt 0:00:32]} d6 {[%emt 0:00:40]} 13. Rad1 {[%emt 0:02:38]} Qe8 {[%emt 0:04:03]} 14. Nd5 {[%emt 0:11:36]} Nxd5 {[%emt 0:21:31]} 15. exd5 {[%emt 0:04:03]} Qg6 {[%emt 0:02:36]} 1/2-1/2

[Event "WSCC 50 Open 2017"]
[Site "?"]
[Date "2017.11.12"]
[Round "6"]
[White "Brendel, Oliver"]
[Black "Kalegin, Evgenij"]
[Result "1-0"]
[WhiteElo "2334"]
[BlackElo "2426"]
[Annotator "TA"]
[PlyCount "141"]
[EventDate "2017.??.??"]
[EventType "swiss"]
[EventCountry "ITA"]
[SourceTitle "Acqui Terme"]

{[%evp 15,141,24,29,22,59,53,52,41,55,58,85,30,72,73,73,73,73,73,73,65,73,69,62,66,75,0,0,0,6,7,12,17,29,31,21,7,38,29,33,41,33,9,41,-109,-121,-101,-29,-39,0,0,0,0,0,0,0,0,0,0,0,0,0,-28,0,0,0,-68,0,0,0,-13,0,0,0,-23,0,0,0,0,4,0,0,0,18,0,0,-378,0,0,0,7,16,0,18,508,1229,1114,1036,0,0,0,0,0,0,0,41,44,52,73,68,57,418,410,389,387,482,466,447,442,762,756,1147,1149,1194,1191,5143,6099,5110,5072]} 1. c4 e5 2. g3 d6 3. Bg2 g6 4. Nc3 Bg7 5. e4 Nc6 6. Nge2 Nf6 7. d3 O-O 8. O-O Nd7 9. f4 {A26: English Opening vs King's Indian with ...Nc6 and d3} exf4 (9... f5 10. exf5 gxf5 11. fxe5 dxe5 12. Nd5 Nc5 13. b4 Ne6 14. b5 Ncd4 15. Nxd4 Nxd4 16. Ba3 Rf7 {0-1 (47) Miezis,N (2509)-Naiditsch,A (2687) Tallinn 2016}) 10. Bxf4 Nd4 11. Nxd4 {White is slightly better.} Bxd4+ 12. Kh1 Bg7 13. Qd2 $146 (13. d4 $16) ({Predecessor:} 13. d4 Nb6 14. Qd3 c5 15. dxc5 dxc5 16. Nd5 Nxd5 17. cxd5 Bxb2 {1-0 (25) Cvek,R (2479)-Priborsky,I (2240) Havlickuv Brod 2005}) 13... Nc5 14. Bg5 f6 15. Be3 Be6 16. Rf2 Nd7 17. Raf1 Ne5 18. h3 c6 19. b3 Qe7 20. b4 (20. g4 $16) 20... Qd7 $11 21. Kh2 a6 22. a4 b5 23. cxb5 axb5 24. a5 Rfc8 25. Rb1 Rab8 26. Rff1 h5 27. Qe2 Re8 28. Rfc1 d5 {[%cal Bd6d5,Bd5d4][%mdl 32]} 29. Bg1 (29. exd5 $14 {keeps the upper hand.} cxd5 30. Bc5) 29... d4 $17 30. Nd1 f5 ({Black should try} 30... Ra8 $17 31. Rc2 Rec8) 31. Nf2 $1 $11 Bh6 (31... h4 {feels hotter.} 32. gxh4 f4 33. Ng4 Bxg4 34. hxg4 Nxg4+ 35. Kh1 Ne5) 32. exf5 Bxf5 33. Ne4 Bxe4 $1 34. Bxe4 Bxc1 35. Rxc1 Qd6 36. Qd2 Rf8 {White must now prevent ...Nf3+.} 37. Kg2 Rf7 38. Qg5 Re8 39. Rc5 Qe6 40. Qd2 (40. a6 $11) 40... Qf6 ({Black should play} 40... h4 $1 $15) 41. Qf4 Qe6 42. Qd2 $1 Ref8 {Strongly threatening ...Nf3.} 43. Qe2 Qd6 44. Qa2 Kg7 45. Qa1 Rd8 46. Qc1 Qe6 47. Qg5 Re7 $1 48. Qc1 Qf6 49. Qa1 Rf7 50. Qc1 $2 {[%mdl 8192] [#]} (50. Rc2 $11 Qd6 51. a6) 50... g5 $2 (50... Nxd3 $1 $19 {[%mdl 512]} 51. Bxd3 Qf3+ 52. Kh2 Qxd3) 51. a6 h4 52. gxh4 gxh4 53. Bh2 Qf2+ $4 {[%mdl 8192]} (53... Rg8 $11 {and Black stays safe.} 54. Bxe5 Kf8+ 55. Kh2 Qf2+ 56. Kh1 Qf1+ 57. Qxf1 Rxf1+ 58. Kh2 Rf2+ 59. Kh1 Rf1+ 60. Kh2 Rf2+ 61. Kh1 Rf1+) 54. Kh1 $18 Nf3 {[#]} (54... Ng6 $142 55. Rg5 Qf1+ 56. Qxf1 Rxf1+ 57. Kg2 Ra1 58. Rxg6+ Kf7) 55. Rg5+ $1 {[%mdl 512]} Kh8 (55... Nxg5 56. Qxg5+) 56. Be5+ $2 (56. Rg2 $18 {White threatens Qh6+ and mate.} Qe3 57. Qc5 Qe1+ 58. Bg1) 56... Nxe5 $11 57. Rh5+ ({Much worse is} 57. Rxe5 Qf1+ 58. Qxf1 Rxf1+ 59. Kg2 Ra1 $15) 57... Kg8 {...Nf3 is the strong threat.} 58. Qg5+ {[#]} Ng6 $1 59. Qxd8+ $40 {[%mdl 128] White attacks.} (59. Bxg6 Qf1+) 59... Rf8 60. Qg5 {[%cal Rg5g6]} Qf1+ 61. Kh2 {[%cal Rg5g6]} Qf2+ 62. Bg2 {[%cal Rg5g6]} Qg3+ $2 {[%mdl 8192]} (62... Kg7 $1 $14) 63. Qxg3 $18 hxg3+ 64. Kxg3 {[%mdl 4096] Endgame KRB-KRN} Ra8 65. Bxc6 {White is clearly winning.} Rxa6 66. Be4 Ne7 (66... Nf8 $142 67. Rxb5 Kg7) 67. Rxb5 Kf7 68. Rb8 Rd6 69. b5 {[%cal Bb4b5,Bb5b6][%mdl 32]} Nd5 70. Bxd5+ Rxd5 71. b6 {Precision: White = 64%, Black = 36%.} 1-0

[Event "WSCC 50 Open 2017"]
[Site "?"]
[Date "2017.11.12"]
[Round "6"]
[White "Mantovani, Renzo"]
[Black "Madeira, Wagner Martins"]
[Result "1-0"]
[WhiteElo "2307"]
[BlackElo "2139"]
[PlyCount "111"]
[EventDate "2017.??.??"]
[EventType "swiss"]
[EventCountry "ITA"]
[SourceTitle "Acqui Terme"]
[TimeControl "40/5400+30:1800+30"]
[WhiteClock "0:10:44"]
[BlackClock "0:05:50"]

1. e4 {[%emt 0:00:00]} d6 {[%emt 0:00:15]} 2. d4 {[%emt 0:00:00]} Nf6 {[%emt 0:00:07]} 3. Nc3 {[%emt 0:00:00]} g6 {[%emt 0:00:07]} 4. Be3 {[%emt 0:00:10]} Bg7 {[%emt 0:00:46]} 5. f3 {[%emt 0:00:21]} c6 {[%emt 0:00:08]} 6. Qd2 {[%emt 0:00:41]} b5 {[%emt 0:00:35]} 7. h4 {[%emt 0:00:50]} Nbd7 {[%emt 0:01:23]} 8. g4 {[%emt 0:02:32]} h6 {[%emt 0:02:21]} 9. Nge2 {[%emt 0:16:19]} a6 {[%emt 0:09:03]} 10. Ng3 {[%emt 0:01:46]} e6 {[%emt 0:05:28]} 11. O-O-O {[%emt 0:13:08]} b4 {[%emt 0:27:04]} 12. Nce2 {[%emt 0:01:33]} Qa5 {[%emt 0:00:33]} 13. Kb1 {[%emt 0:00:59]} Bb7 {[%emt 0:13:25]} 14. a3 {[%emt 0:08:26]} Qc7 {[%emt 0:09:36]} 15. axb4 {[%emt 0:02:46]} a5 {[%emt 0:00:27]} 16. bxa5 {[%emt 0:05:08]} Rxa5 {[%emt 0:00:49]} 17. Nc1 {[%emt 0:00:18]} Ke7 {[%emt 0:08:07]} 18. Nb3 {[%emt 0:01:44]} Ra4 {[%emt 0:00:19]} 19. g5 {[%emt 0:01:32]} hxg5 {[%emt 0:00:37]} 20. hxg5 {[%emt 0:02:13]} Ne8 {[%emt 0:00:09]} 21. Rxh8 {[%emt 0:02:57]} Bxh8 {[%emt 0:00:12]} 22. f4 {[%emt 0:02:16]} d5 {[%emt 0:04:31]} 23. Qh2 {[%emt 0:09:58]} Bg7 {[%emt 0:00:07]} 24. f5 {[%emt 0:02:34]} Kd8 {[%emt 0:00:34]} 25. fxe6 {[%emt 0:01:12]} fxe6 {[%emt 0:00:10]} 26. e5 {[%emt 0:01:43]} Bc8 {[%emt 0:08:00]} 27. Ne2 {[%emt 0:09:12]} Ra8 {[%emt 0:00:44]} 28. Nf4 {[%emt 0:02:52]} Nf8 {[%emt 0:00:52]} 29. Bd3 {[%emt 0:02:04]} Qa7 {[%emt 0:00:27]} 30. Nxg6 {[%emt 0:02:11]} Qa2+ {[%emt 0:01:02]} 31. Kc1 {[%emt 0:00:04]} Nxg6 {[%emt 0:00:36]} 32. Bxg6 {[%emt 0:00:12]} Bf8 {[%emt 0:00:09]} 33. Rd3 {[%emt 0:05:13]} Bb4 {[%emt 0:00:31]} 34. Rc3 {[%emt 0:00:18]} Bxc3 {[%emt 0:03:49]} 35. bxc3 {[%emt 0:00:03]} Qa3+ {[%emt 0:00:06]} 36. Kd2 {[%emt 0:00:20]} Qf8 {[%emt 0:00:13]} 37. Qh6 {[%emt 0:01:49]} Qf3 {[%emt 0:02:30]} 38. Bd3 {[%emt 0:01:23]} Ra7 {[%emt 0:01:11]} 39. g6 {[%emt 0:00:20]} Qg2+ {[%emt 0:01:52]} 40. Kc1 {[%emt 0:00:48]} Ba6 {[%emt 0:30:29]} 41. Bxa6 {[%emt 0:30:54]} Rxa6 {[%emt 0:00:51]} 42. Qg5+ {[%emt 0:00:15]} Qxg5 {[%emt 0:00:00]} 43. Bxg5+ {[%emt 0:00:00]} Kc8 {[%emt 0:00:00]} 44. Bf6 {[%emt 0:00:00]} Ra7 {[%emt 0:00:00]} 45. Kd2 {[%emt 0:00:00]} Ng7 {[%emt 0:00:00]} 46. Ke3 {[%emt 0:00:00]} Nf5+ {[%emt 0:00:00]} 47. Kf4 {[%emt 0:00:00]} Ra2 {[%emt 0:00:00]} 48. g7 {[%emt 0:00:00]} Nxg7 {[%emt 0:00:00]} 49. Bxg7 {[%emt 0:00:00]} Rxc2 {[%emt 0:00:00]} 50. Nc5 {[%emt 0:00:00]} Rxc3 {[%emt 0:00:00]} 51. Nxe6 {[%emt 0:00:00]} Rd3 {[%emt 0:00:00]} 52. Bf8 {[%emt 0:00:00]} Rd1 {[%emt 0:00:00]} 53. Kf5 {[%emt 0:00:00]} Kd7 {[%emt 0:00:00]} 54. Bc5 {[%emt 0:00:00]} Rf1+ {[%emt 0:01:45]} 55. Nf4 {[%emt 0:00:00]} Ke8 {[%emt 0:00:10]} 56. e6 {[%emt 0:00:00]} 1-0

[Event "WSCC 50 Open 2017"]
[Site "?"]
[Date "2017.11.12"]
[Round "6"]
[White "Larsen, Peter"]
[Black "Chan, Peng Kong"]
[Result "1-0"]
[WhiteElo "2286"]
[BlackElo "2172"]
[PlyCount "21"]
[EventDate "2017.??.??"]
[EventType "swiss"]
[EventCountry "ITA"]
[SourceTitle "Acqui Terme"]
[TimeControl "40/5400+30:1800+30"]
[WhiteClock "1:14:17"]
[BlackClock "0:55:42"]

1. e4 {[%emt 0:00:00]} c5 {[%emt 0:00:15]} 2. Nf3 {[%emt 0:00:00]} e6 {[%emt 0:00:12]} 3. d4 {[%emt 0:00:01]} cxd4 {[%emt 0:00:04]} 4. Nxd4 {[%emt 0:00:07]} a6 {[%emt 0:01:12]} 5. Bd3 {[%emt 0:06:23]} Bc5 {[%emt 0:01:16]} 6. Be3 {[%emt 0:03:50]} Qb6 {[%emt 0:00:55]} 7. c3 {[%emt 0:00:19]} Qxb2 {[%emt 0:00:06]} 8. O-O {[%emt 0:00:05]} Nc6 {[%emt 0:04:46]} 9. Nb3 {[%emt 0:08:18]} Bxe3 {[%emt 0:25:20]} 10. fxe3 {[%emt 0:01:29]} Nf6 {[%emt 0:05:42]} 11. Rf2 {[%emt 0:00:41]} 1-0